European Housing Prices Through the Lens of Trends

Študujeme konvergenciu a klubovú tvorbu cien bývania v európskych krajinách pomocou niekoľkých porovnávaní cien bývania. Pri skúmaní dlhodobého vývoja cien bývania a ich reakcií na krízy využívame korelácie, inovatívne trendové a medzerové prístupy a kointegračnú analýzu. Zisťujeme, že ceny bytov v...

Descripción completa

Guardado en:
Detalles Bibliográficos
Autor principal: Melecký, Aleš
Otros Autores: Pakši, Daniel
Formato: Capítulo de libro
Lenguaje:inglés
Materias:
Etiquetas: Agregar Etiqueta
Sin Etiquetas, Sea el primero en etiquetar este registro!

MARC

LEADER 00000naa a2200000 4500
001 0297580
005 20231212084619.8
041 0 |a eng 
044 |a CZ 
245 1 0 |a European Housing Prices Through the Lens of Trends  |c Aleš Melecký, Daniel Pakši 
520 |a Študujeme konvergenciu a klubovú tvorbu cien bývania v európskych krajinách pomocou niekoľkých porovnávaní cien bývania. Pri skúmaní dlhodobého vývoja cien bývania a ich reakcií na krízy využívame korelácie, inovatívne trendové a medzerové prístupy a kointegračnú analýzu. Zisťujeme, že ceny bytov v európskych krajinách nekonvergujú a ich vývoj od vzniku menovej únie je rozdielny. Najvýraznejšími príkladmi sú rozdiely medzi juhoeurópskymi krajinami silne zasiahnutými globálnou finančnou krízou a zvyškom krajín. Naša analýza odhaľuje niekoľko vidieckych klubov s podobným modelmi rastu a reakcie na krízy, ktoré nemusia nevyhnutne nasledovať tradičné rozdelenie medzi staré a nové členské štáty EÚ. 
610 2 0 |a ceny 
610 2 0 |a bývanie 
610 2 0 |a porovnanie cenové 
610 2 0 |a Európska únia 
610 2 0 |a kríza 
610 2 0 |a analýzy 
100 1 |a Melecký, Aleš 
700 1 |a Pakši, Daniel